<?xml version="1.0" encoding="UTF-8"?>
<record
    xmlns:xsi="http://www.w3.org/2001/XMLSchema-instance"
    xsi:schemaLocation="http://www.loc.gov/MARC21/slim http://www.loc.gov/standards/marcxml/schema/MARC21slim.xsd"
    xmlns="http://www.loc.gov/MARC21/slim">

  <leader>02065nam0a2200349   4500</leader>
  <controlfield tag="001">RU\NLR\bibl\12720</controlfield>
  <controlfield tag="005">20260407022007.0</controlfield>
  <datafield tag="010" ind1=" " ind2=" ">
    <subfield code="a">5-247-03764-2</subfield>
    <subfield code="9">800</subfield>
  </datafield>
  <datafield tag="021" ind1=" " ind2=" ">
    <subfield code="a">RU</subfield>
    <subfield code="b">98-27511</subfield>
    <subfield code="9">1313</subfield>
  </datafield>
  <datafield tag="035" ind1=" " ind2=" ">
    <subfield code="a">(NLR Aleph) 000012401</subfield>
  </datafield>
  <datafield tag="090" ind1=" " ind2=" ">
    <subfield code="a">46221</subfield>
    <subfield code="c">46221</subfield>
  </datafield>
  <datafield tag="100" ind1=" " ind2=" ">
    <subfield code="a">19990205d1998    |||y0rusy50      ca</subfield>
  </datafield>
  <datafield tag="101" ind1="0" ind2=" ">
    <subfield code="a">rus</subfield>
  </datafield>
  <datafield tag="102" ind1=" " ind2=" ">
    <subfield code="a">RU</subfield>
  </datafield>
  <datafield tag="105" ind1=" " ind2=" ">
    <subfield code="a">a   |||||||||</subfield>
  </datafield>
  <datafield tag="200" ind1="1" ind2=" ">
    <subfield code="a">&#x421;&#x438;&#x441;&#x442;&#x435;&#x43C;&#x430;&#x442;&#x438;&#x43A;&#x430; &#x438; &#x43A;&#x43B;&#x430;&#x441;&#x441;&#x438;&#x444;&#x438;&#x43A;&#x430;&#x446;&#x438;&#x438; &#x43E;&#x441;&#x430;&#x434;&#x43E;&#x447;&#x43D;&#x44B;&#x445; &#x43F;&#x43E;&#x440;&#x43E;&#x434; &#x438; &#x438;&#x445; &#x430;&#x43D;&#x430;&#x43B;&#x43E;&#x433;&#x43E;&#x432;</subfield>
    <subfield code="f">[&#x412;.&#x41D;. &#x428;&#x432;&#x430;&#x43D;&#x43E;&#x432;, &#x412;.&#x422;. &#x424;&#x440;&#x43E;&#x43B;&#x43E;&#x432;, &#x42D;.&#x418;. &#x421;&#x435;&#x440;&#x433;&#x435;&#x435;&#x432;&#x430; &#x438; &#x434;&#x440;.</subfield>
    <subfield code="g">&#x41E;&#x442;&#x432;. &#x440;&#x435;&#x434;. &#x412;.&#x41D;. &#x428;&#x432;&#x430;&#x43D;&#x43E;&#x432;]</subfield>
    <subfield code="g">&#x41D;&#x430;&#x446;. &#x43A;&#x43E;&#x43C;. &#x433;&#x435;&#x43E;&#x43B;&#x43E;&#x433;&#x43E;&#x432; &#x420;&#x43E;&#x441;&#x441;&#x438;&#x438;. &#x41F;&#x43E;&#x434;&#x43A;&#x43E;&#x43C;. &#x43F;&#x43E; &#x441;&#x438;&#x441;&#x442;&#x435;&#x43C;&#x430;&#x442;&#x438;&#x43A;&#x435; &#x43E;&#x441;&#x430;&#x434;&#x43E;&#x447;. &#x43F;&#x43E;&#x440;&#x43E;&#x434;, &#x423;&#x447;&#x435;&#x431;.-&#x43C;&#x435;&#x442;&#x43E;&#x434;. &#x43E;&#x431;-&#x43D;&#x438;&#x435; &#x443;&#x43D;-&#x442;&#x43E;&#x432; &#x420;&#x43E;&#x441;&#x441;&#x438;&#x438;. &#x41C;&#x435;&#x436;&#x434;&#x443;&#x432;&#x435;&#x434;&#x43E;&#x43C;&#x441;&#x442;&#x432;. &#x43A;&#x43E;&#x43C;&#x438;&#x441;. &#x43F;&#x43E; &#x441;&#x438;&#x441;&#x442;&#x435;&#x43C;&#x430;&#x442;&#x438;&#x43A;&#x435; &#x438; &#x43D;&#x43E;&#x43C;&#x435;&#x43D;&#x43A;&#x43B;&#x430;&#x442;&#x443;&#x440;&#x435; &#x43E;&#x441;&#x430;&#x434;&#x43E;&#x447;. &#x43F;&#x43E;&#x440;&#x43E;&#x434;</subfield>
  </datafield>
  <datafield tag="210" ind1=" " ind2=" ">
    <subfield code="a">&#x421;&#x41F;&#x431;.</subfield>
    <subfield code="c">&#x41D;&#x435;&#x434;&#x440;&#x430;. &#x421;.-&#x41F;&#x435;&#x442;&#x435;&#x440;&#x431;. &#x444;&#x438;&#x43B;.</subfield>
    <subfield code="d">1998</subfield>
  </datafield>
  <datafield tag="215" ind1=" " ind2=" ">
    <subfield code="a">351 &#x441;., [2] &#x43E;&#x442;&#x434;. &#x43B;. &#x442;&#x430;&#x431;&#x43B;.</subfield>
    <subfield code="c">&#x438;&#x43B;.</subfield>
    <subfield code="d">26</subfield>
  </datafield>
  <datafield tag="320" ind1=" " ind2=" ">
    <subfield code="a">&#x411;&#x438;&#x431;&#x43B;&#x438;&#x43E;&#x433;&#x440;. &#x432; &#x43A;&#x43E;&#x43D;&#x446;&#x435; &#x433;&#x43B;.</subfield>
  </datafield>
  <datafield tag="320" ind1=" " ind2=" ">
    <subfield code="a">&#x418;&#x43C;&#x435;&#x43D;. &#x443;&#x43A;&#x430;&#x437;.: c. 345-349</subfield>
  </datafield>
  <datafield tag="606" ind1="0" ind2=" ">
    <subfield code="a">&#x41E;&#x441;&#x430;&#x434;&#x43E;&#x447;&#x43D;&#x44B;&#x435; &#x43F;&#x43E;&#x440;&#x43E;&#x434;&#x44B;</subfield>
    <subfield code="x">&#x421;&#x438;&#x441;&#x442;&#x435;&#x43C;&#x430;&#x442;&#x438;&#x43A;&#x430;</subfield>
    <subfield code="9">2079085</subfield>
    <subfield code="3">RU\NLR\auth\661254957</subfield>
  </datafield>
  <datafield tag="606" ind1="0" ind2=" ">
    <subfield code="a">&#x41E;&#x441;&#x430;&#x434;&#x43E;&#x447;&#x43D;&#x44B;&#x435; &#x43F;&#x43E;&#x440;&#x43E;&#x434;&#x44B;</subfield>
    <subfield code="x">&#x41A;&#x43B;&#x430;&#x441;&#x441;&#x438;&#x444;&#x438;&#x43A;&#x430;&#x446;&#x438;&#x44F;</subfield>
    <subfield code="9">1320004</subfield>
    <subfield code="3">RU\NLR\auth\66232395</subfield>
  </datafield>
  <datafield tag="686" ind1=" " ind2=" ">
    <subfield code="a">&#x414;344-7</subfield>
  </datafield>
  <datafield tag="701" ind1=" " ind2="1">
    <subfield code="a">&#x428;&#x432;&#x430;&#x43D;&#x43E;&#x432;</subfield>
    <subfield code="b">&#x412;. &#x41D;.</subfield>
    <subfield code="4">070</subfield>
  </datafield>
  <datafield tag="701" ind1=" " ind2="1">
    <subfield code="4">070</subfield>
    <subfield code="8">rus</subfield>
    <subfield code="7">ca</subfield>
    <subfield code="a">&#x424;&#x440;&#x43E;&#x43B;&#x43E;&#x432;</subfield>
    <subfield code="b">&#x412;. &#x422;.</subfield>
    <subfield code="c">&#x434;-&#x440; &#x433;&#x435;&#x43E;&#x43B;.-&#x43C;&#x438;&#x43D;&#x435;&#x440;&#x430;&#x43B;. &#x43D;&#x430;&#x443;&#x43A;</subfield>
    <subfield code="f">1923-</subfield>
    <subfield code="g">&#x412;&#x43B;&#x430;&#x434;&#x438;&#x43C;&#x438;&#x440; &#x422;&#x438;&#x445;&#x43E;&#x43D;&#x43E;&#x432;&#x438;&#x447;</subfield>
    <subfield code="3">RU\NLR\auth\7736175</subfield>
    <subfield code="9">19166</subfield>
  </datafield>
  <datafield tag="701" ind1=" " ind2="1">
    <subfield code="4">070</subfield>
    <subfield code="8">rus</subfield>
    <subfield code="7">ca</subfield>
    <subfield code="a">&#x421;&#x435;&#x440;&#x433;&#x435;&#x435;&#x432;&#x430;</subfield>
    <subfield code="b">&#x42D;. &#x418;.</subfield>
    <subfield code="c">&#x43A;&#x430;&#x43D;&#x434;. &#x433;&#x435;&#x43E;&#x43B;.-&#x43C;&#x438;&#x43D;. &#x43D;&#x430;&#x443;&#x43A;</subfield>
    <subfield code="g">&#x42D;&#x43B;&#x44C;&#x432;&#x438;&#x440;&#x430; &#x418;&#x432;&#x430;&#x43D;&#x43E;&#x432;&#x43D;&#x430;</subfield>
    <subfield code="3">RU\NLR\auth\7730109</subfield>
    <subfield code="9">13136</subfield>
  </datafield>
  <datafield tag="712" ind1="0" ind2="2">
    <subfield code="4">570</subfield>
    <subfield code="a">&#x41D;&#x430;&#x446;&#x438;&#x43E;&#x43D;&#x430;&#x43B;&#x44C;&#x43D;&#x44B;&#x439; &#x43A;&#x43E;&#x43C;&#x438;&#x442;&#x435;&#x442; &#x433;&#x435;&#x43E;&#x43B;&#x43E;&#x433;&#x43E;&#x432; &#x420;&#x43E;&#x441;&#x441;&#x438;&#x438;</subfield>
    <subfield code="b">&#x41F;&#x43E;&#x434;&#x43A;&#x43E;&#x43C;&#x438;&#x441;&#x441;&#x438;&#x44F; &#x43F;&#x43E; &#x441;&#x438;&#x441;&#x442;&#x435;&#x43C;&#x430;&#x442;&#x438;&#x43A;&#x435; &#x43E;&#x441;&#x430;&#x434;&#x43E;&#x447;&#x43D;&#x44B;&#x445; &#x43F;&#x43E;&#x440;&#x43E;&#x434;</subfield>
    <subfield code="3">RU\NLR\AUTH\8810007039</subfield>
    <subfield code="9">511614</subfield>
  </datafield>
  <datafield tag="801" ind1=" " ind2="0">
    <subfield code="a">RU</subfield>
    <subfield code="b">NLR</subfield>
    <subfield code="c">19990205</subfield>
    <subfield code="g">PSBO</subfield>
  </datafield>
  <datafield tag="801" ind1=" " ind2="1">
    <subfield code="a">RU</subfield>
    <subfield code="b">NLR</subfield>
    <subfield code="c">19990205</subfield>
  </datafield>
  <datafield tag="852" ind1=" " ind2=" ">
    <subfield code="a">NLR</subfield>
    <subfield code="j">98-7/1401</subfield>
  </datafield>
  <datafield tag="942" ind1=" " ind2=" ">
    <subfield code="c">BOOK</subfield>
  </datafield>
  <datafield tag="980" ind1=" " ind2=" ">
    <subfield code="a">NB</subfield>
  </datafield>
  <datafield tag="995" ind1=" " ind2=" ">
    <subfield code="5">2004-07-20</subfield>
    <subfield code="a">az</subfield>
    <subfield code="b">NLR01</subfield>
    <subfield code="c">NLR01</subfield>
    <subfield code="e">NZ4</subfield>
    <subfield code="f">1-360244</subfield>
    <subfield code="k">&#x422;2 &#x414;344/&#x421;-409</subfield>
    <subfield code="o">0</subfield>
    <subfield code="r">BOOK</subfield>
    <subfield code="s">2_344409</subfield>
  </datafield>
</record>
